000
00338nam a22001457a 4500
008
230614b ||||| |||| 00| 0 eng d
020
_a
9781285199030
041
_a
eng
080
_2
8EDITION
_a
575
082
_a
575DeC
100
_a
13
101
_a
BIOKI
245
_a
INTRODUCTORY CHEMISTRY A FUNDATION
_c
DeCOSTE.Z
942
_2
udc
_c
BK
999
_c
59961
_d
59961